| 000 | 01746cam a2200565 i 4500 | ||
|---|---|---|---|
| 001 | 23689 | ||
| 003 | KOSZ 005 | ||
| 005 | 20240828130102.0 | ||
| 008 | 240718s1987 pl a g 001 0 pol | ||
| 015 | _aUWD 1987/10650c | ||
| 020 | _a8301037326 | ||
| 035 | _a991007491559705066 | ||
| 035 | _a(PL-WaBN)b11943543-48omnis_nlop | ||
| 035 | _ab11943543 | ||
| 035 | _a(OCoLC)835889569 | ||
| 035 | _azz2007925168 | ||
| 035 | _a(PL)b0000001194354 | ||
| 035 | _a(EXLNZ-48OMNIS_NETWORK)9910069813205606 | ||
| 040 |
_aWA N _cWA N _dKOSZ 005/RW |
||
| 045 |
_bd1864 _bd1948 |
||
| 046 | _k1978 | ||
| 080 | _a94(438).07/083 | ||
| 100 | 1 |
_aBuszko, Józef _d(1925-2003) _eAutor |
|
| 245 | 1 | 0 |
_aHistoria Polski. _n[4], _p1864-1948 / _cJózef Buszko. |
| 246 | 3 | 0 | _aHistoria Polski, 1864-1948 |
| 250 | _aWydanie 11. | ||
| 260 |
_aWarszawa : _bPaństwowe Wydawnictwo Naukowe, _c1987. |
||
| 300 |
_a479, [1] stron : _bmapy ; _c20 cm. |
||
| 336 |
_aTekst _btxt _2rdacontent |
||
| 337 |
_aBez urządzenia pośredniczącego _bn _2rdamedia |
||
| 338 |
_aWolumin _bnc _2rdacarrier |
||
| 380 | _aKsiążki | ||
| 380 | _aPublikacje popularnonaukowe | ||
| 388 | 1 | _a1901-2000 | |
| 388 | 1 | _a1945-1989 | |
| 504 | _aIndeksy. | ||
| 648 | 7 | _a1801-1900 | |
| 648 | 7 | _a1901-2000 | |
| 650 | 7 | _aGospodarka | |
| 650 | 7 | _aKultura | |
| 650 | 7 | _aPolityka | |
| 650 | 7 | _aSpołeczeństwo | |
| 651 | 7 |
_aPolska _2DBN |
|
| 655 | 7 | _aOpracowanie | |
| 658 | _aHistoria | ||
| 710 | 2 |
_aPaństwowe Wydawnictwo Naukowe _4pbl |
|
| 856 |
_uhttps://koha.tu.koszalin.pl/cgi-bin/koha/opac-detail.pl?biblionumber=23689 _yKatalog online BPK |
||
| 942 |
_2UKD _cKS |
||
| 999 |
_c23689 _d23689 |
||